000 00704nam a2200253Ia 4500
003 OSt
005 20221006145401.0
006 a|||||r|||| 00| 0
007 ta
008 221006b |||||||| |||| 00| 0 eng d
020 _c7.30 (each)
024 _a14,668
037 _cTextual
040 _aEASL
_cEASL
_beng
041 _2eng
_aeng
082 _aO41,2M99, M0-;2
100 _aSHE Lao
_9654278
245 0 _aTeahouse
_b A play in three acts
260 _aBeijing
_bForeign Languages Press
_c1980
300 _a86p.
_ccm.
700 _a HOWARD-GIBBON John Tr.
_9654279
942 _hO41,2M99, M0-;2
_cTEXL
_2CC
999 _c1082754
_d1082754